000 00514nam a2200169 i 4500
001 74823
003 ES-MaACL
005 20230906172246.0
007 t|
008 040921q1948 sp ||||1| spa d
100 1 _aGraneri, José Pascual.
_959625
245 1 0 _aGuía consultorio de la industria textil /
_cJosé Pascual Graneri.
250 _a[texto bilingüe, español e inglés].
260 _aBarcelona :
_bAriel,
_c[1948?]
300 _aCXC, 354 p. :
_bil. ;
_c27 cm.
852 _aES-MaACL
_jC-5243
_bR.25824
999 _c74823
_d74823